000
00314nam a22001337a 4500
008
170714b xxu||||| |||| 00| 0 eng d
020
_a
9781586487492
041
_a
eng
080
_a
101
100
_a
23
101
_a
FIL
245
_a
RUNNING COMENTARY THE CONTENTIONS MAGAZINE
_c
BALINT,B
942
_2
udc
_c
BK
999
_c
20712
_d
20712